Termodynamika kontinua
Gespeichert in:
| 1. Verfasser: | |
|---|---|
| Format: | Buch |
| Sprache: | Tschechisch |
| Veröffentlicht: |
Praha
Academia
1999
|
| Ausgabe: | 1. vyd. |
| Online-Zugang: | Im OPAC anzeigen |
| Tags: |
Keine Tags, Fügen Sie das erste Tag hinzu!
|
MARC
| LEADER | 00000nam a2200000 a 4500 | ||
|---|---|---|---|
| 005 | 20260127134151.0 | ||
| 008 | 050127 1999 xr 000 0 cze d | ||
| 020 | |a 802000758X | ||
| 035 | |a vtls001491000 | ||
| 039 | 9 | |a 200502101116 |b mschk04 |y 200501271322 |z mschk03 | |
| 040 | |a STUSCHK1 |b slo |c STUSCHK1 |e AACR2 | ||
| 080 | |a 536.7 | ||
| 100 | 1 | |a Maršík, František | |
| 245 | 1 | |a Termodynamika kontinua | |
| 250 | |a 1. vyd. | ||
| 260 | |a Praha |b Academia |c 1999 | ||
| 300 | |a 323 s. | ||
| 500 | |a Grafy,lit.,index | ||
| 910 | |a SCHK95 | ||
| 919 | |a 80-200-0758-X | ||
| 999 | |c 5640 |d 5640 | ||